| 000 | 00867nam a22002177a 4500 | ||
|---|---|---|---|
| 999 |
_c146155 _d146155 |
||
| 005 | 20180927104105.0 | ||
| 010 | _a1718EN-30 B-688824-838 ENG-123653 | ||
| 020 |
_a9789383913169 _c990.00 |
||
| 035 | _aB-688824-838 EN-107185 | ||
| 037 | _bAryan Pub. | ||
| 037 | _bDBAD/PUB. | ||
| 082 | _a321.0940954 | ||
| 100 | _aPathak, Dharmendra | ||
| 245 |
_aTribal revolts in India / _cby Dharmendra Pathak |
||
| 260 |
_aDelhi _bARYAN PUBLICATION _c2015 |
||
| 270 |
_a1/11137, IIIrd Floor, Street No.-10 Subhash Park, Shahrara, _bDelhi _e110032 |
||
| 300 |
_a240p. _c21cm(Hb) |
||
| 500 | _aincludes bibliographical references | ||
| 942 |
_2ddc _cEN _mPAT _h321.0940954 |
||